Statistics for Countries and Capitals by Same First Four Letters

Click here to take the quiz!

General Stats

  • This quiz has been taken 273 times
  • The average score is 37 of 42

Answer Stats

LettersAnswer% Correct
CountryGeorgia
100%
AUSTCountryAustralia
99%
CountryAustria
99%
BELGCountryBelgium
99%
BRAZCountryBrazil
99%
DOMICountryDominica
98%
GUINCountryGuinea
98%
NIGECountryNiger
98%
CountryBangladesh
97%
CountryDominican
Republic
97%
GABOCountryGabon
97%
CountryNigeria
97%
CAPECapitalCape Town
96%
SLOVCountrySlovakia
96%
CountrySlovenia
96%
CountryGuinea-Bissau
95%
CountryMauritius
95%
PARACountryParaguay
95%
TURKCountryTurkey
95%
CountryCape Verde
94%
MAURCountryMauritania
94%
MONTCountryMontenegro
94%
CountryMalaysia
92%
MOROCountryMorocco
92%
CountryTurkmenistan
92%
VIENCapitalVienna
91%
GEORCapitalGeorgetown
89%
KINGCapitalKingston
89%
CountryMalawi
87%
CapitalBrazzaville
83%
CapitalKingstown
83%
CapitalBelgrade
78%
CapitalVientiane
76%
MANACapitalManagua
75%
CapitalGaborone
73%
BANGCapitalBangkok
72%
CapitalParamaribo
72%
CapitalManama
71%
CapitalBangui
61%
CapitalMontevideo
61%
CapitalMoroni
60%
MALACapitalMalabo
46%

Score Distribution

Percentile by Number Answered

Percent of People with Each Score

Your Score History

You have not taken this quiz